| 000 | 00475nam a2200181Ia 4500 | ||
|---|---|---|---|
| 005 | 20240731052548.0 | ||
| 008 | 240331s9999 xx 000 0 und d | ||
| 020 | _a9774246691 | ||
| 082 |
_a292.9 _bARM |
||
| 100 | _aArmour, R.A | ||
| 245 | 0 |
_aGods and myths of ancient Egypt _cRobert, A. Armour |
|
| 250 | _a2nd | ||
| 260 |
_aNew York _bThe American University in Cairo Press _c2002 |
||
| 300 | _aix, 207 p., | ||
| 650 | _aMythology | ||
| 650 | _aEgyptologist | ||
| 942 | _cL | ||
| 999 |
_c876 _d876 |
||